000 00507nam a22001817a 4500
003 OSt
005 20260423031511.0
008 260423b |||||||| |||| 00| 0 eng d
020 _a981-4058-10-6
040 _aDWCL-Main lib.
_cOC
082 _aCirc. 620.1 H624m 2000
100 _aHibbeler, R. C.
245 _aMechanics of materials/
_cR. C. Hibbeler
260 _aUSA :
_b Prentice-Hall,
_cc2000
300 _axiv, 848 p. ;
_c24 cm
504 _aIncludes index
942 _2ddc
_cBK-CIRC
_hCirc.
_n0
999 _c9769
_d9769